|
|
|
|
| LEADER |
00000nab a2200000 ar4500 |
| 001 |
vtls009292484 |
| 003 |
SK-MaSNL |
| 005 |
20260303203724.0 |
| 008 |
180907c2008 xo er|p|||||||000 ||slo |
| 038 |
|
|
|a PPPK
|
| 040 |
|
|
|a PPPKCL
|b slo
|c PPPK
|e AACR2
|
| 041 |
0 |
|
|a slo
|
| 044 |
|
|
|a xo
|c SK
|
| 080 |
|
|
|a 342.511
|x (437.6)
|2 1997
|
| 245 |
0 |
0 |
|a Hlava štátu v Tatrách
|c [autor] (luci)
|
| 300 |
|
|
|b Fotogr.
|
| 610 |
2 |
7 |
|a Slovensko.
|b Prezident (2004-2014 : Gašparovič)
|2 snkbucl
|9 110388
|
| 650 |
0 |
7 |
|a pracovné návštevy
|2 pppkcl
|9 69996
|
| 651 |
|
7 |
|a Vysoké Tatry (Poľsko a Slovensko : pohorie)
|2 SNKPHgeo
|9 67729
|
| 773 |
0 |
|
|t Tatranský dvojtýždenník
|g Roč. XIX, č. 6 (2008), s. 3
|
| 852 |
|
|
|a PPPK
|b KIS3GCP
|
| 999 |
|
|
|c 2186830
|d 2188760
|